Notebook Lenovo
Saved in:
| Format: | Bog |
|---|---|
| Sprog: | spansk |
| Tags: |
Tilføj Tag
Ingen Tags, Vær først til at tagge denne postø!
|
MARC
| LEADER | 00000nam a22000005a 4500 | ||
|---|---|---|---|
| 003 | CL-ChUAC | ||
| 005 | 20241009105719.0 | ||
| 008 | 241009s2024 cl ||||| |||| 000 ||spa | ||
| 040 | |a CL-ChUAC |b spa |c CL-ChUAC | ||
| 245 | 1 | 0 | |a Notebook Lenovo |
| 300 | |a CPU Intel I5-1235U 1.3GHz - RAM 8GB - 512GB SSD - GPU INTEGRATED - Pantalla 14.0" FHD - Batería 3CELL |b Windows 11 Pro | ||
| 942 | |2 ddc |c DISEL | ||
| 945 | |0 lss | ||
| 952 | |0 0 |1 0 |2 ddc |4 0 |6 NOTEBOOK_LENOVO |7 0 |9 1178264 |a UNACH |b UNACH |c Mul |d 2024-10-09 |l 300 |o Notebook Lenovo |p 113954 |q 2026-04-15 |r 2026-04-14 09:06:04 |s 2026-04-14 |t 1 |w 2024-10-09 |y DISEL | ||
| 952 | |0 0 |1 0 |2 ddc |4 0 |6 NOTEBOOK_LENOVO |7 0 |9 1178265 |a UNACH |b UNACH |c Mul |d 2024-10-09 |l 164 |o Notebook Lenovo |p 113955 |r 2026-04-13 18:24:03 |s 2026-04-13 |t 2 |w 2024-10-09 |y DISEL | ||
| 952 | |0 0 |1 0 |2 ddc |4 0 |6 NOTEBOOK_LENOVO |7 0 |9 1178266 |a UNACH |b UNACH |c Mul |d 2024-10-09 |l 234 |o Notebook Lenovo |p 113956 |r 2026-04-13 17:24:19 |s 2026-04-13 |t 3 |w 2024-10-09 |y DISEL | ||
| 952 | |0 0 |1 0 |2 ddc |4 0 |6 NOTEBOOK_LENOVO |7 0 |9 1178267 |a UNACH |b UNACH |c Mul |d 2024-10-09 |l 170 |o Notebook Lenovo |p 113957 |q 2026-04-17 |r 2026-04-13 15:42:32 |s 2026-04-13 |t 4 |w 2024-10-09 |y DISEL | ||
| 952 | |0 0 |1 0 |2 ddc |4 0 |6 NOTEBOOK_LENOVO |7 0 |9 1178268 |a UNACH |b UNACH |c Mul |d 2024-10-09 |l 338 |o Notebook Lenovo |p 113958 |r 2026-04-13 14:32:47 |s 2026-04-13 |t 5 |w 2024-10-09 |y DISEL | ||
| 952 | |0 0 |1 0 |2 ddc |4 0 |6 NOTEBOOK_LENOVO |7 1 |9 1178269 |a UNACH |b UNACH |c CC |d 2024-10-09 |l 0 |o Notebook Lenovo |p 113959 |r 2024-10-09 00:00:00 |t 6 |w 2024-10-09 |y DISEL |z A cargo de César Arriagada | ||
| 999 | |c 2370547 |d 2370547 | ||